000 00642nam a2200181Ia 4500
008 151202s9999||||xx |||||||||||||| ||und||
082 _bPNVM-84516
100 _aडॉ. वांगीकर बी. पी.
245 _aबहुगुणी वेली.
260 _bसाहित्य सेवा प्रकाशन औरंगाबाद.
260 _c1992
300 _a136
600 _aडॉ. वांगीकर बी. पी.
630 _aबहुगुणी वेली.
700 _aडॉ. वांगीकर बी. पी.
730 _aबहुगुणी वेली.
942 _cBOOK
999 _c1349368
_d1349365